<?xml version="1.0" encoding="UTF-8"?>
<record
    xmlns:xsi="http://www.w3.org/2001/XMLSchema-instance"
    xsi:schemaLocation="http://www.loc.gov/MARC21/slim http://www.loc.gov/standards/marcxml/schema/MARC21slim.xsd"
    xmlns="http://www.loc.gov/MARC21/slim">

  <leader>00690nam a2200181 a 4500</leader>
  <controlfield tag="003">OSt</controlfield>
  <controlfield tag="005">20171025134048.0</controlfield>
  <controlfield tag="008">150130s2015||||||||||||||||||||||||cat|d</controlfield>
  <datafield tag="040" ind1=" " ind2=" ">
    <subfield code="a">CDMR</subfield>
    <subfield code="b">cat</subfield>
    <subfield code="c">CPC LLEIDA</subfield>
  </datafield>
  <datafield tag="245" ind1=" " ind2=" ">
    <subfield code="a">Periodisme per la pau i la transformaci&#xF3; social</subfield>
    <subfield code="b">: manual de bones pr&#xE0;ctiques i recomanacions</subfield>
    <subfield code="c">coordinaci&#xF3;, Tatiana Santos Pitanga i Al&#xED;cia Oliver Rojo</subfield>
  </datafield>
  <datafield tag="260" ind1=" " ind2=" ">
    <subfield code="a">[Barcelona]</subfield>
    <subfield code="b">Moviment per la Pau</subfield>
  </datafield>
  <datafield tag="260" ind1=" " ind2=" ">
    <subfield code="b">Xarxa Ciutadana per la Pau</subfield>
    <subfield code="c">2015</subfield>
  </datafield>
  <datafield tag="300" ind1=" " ind2=" ">
    <subfield code="a">31 p.</subfield>
    <subfield code="c">30 cm</subfield>
  </datafield>
  <datafield tag="650" ind1="0" ind2="4">
    <subfield code="9">3086</subfield>
    <subfield code="a">Periodisme</subfield>
    <subfield code="x">Manuals d'estil</subfield>
  </datafield>
  <datafield tag="650" ind1="0" ind2="4">
    <subfield code="9">3820</subfield>
    <subfield code="a">Conflictes socials en els mitjans de comunicaci&#xF3; de massa</subfield>
  </datafield>
  <datafield tag="700" ind1="1" ind2=" ">
    <subfield code="9">4505</subfield>
    <subfield code="a">Oliver Rojo, Al&#xED;cia</subfield>
  </datafield>
  <datafield tag="942" ind1=" " ind2=" ">
    <subfield code="c">FULLET</subfield>
    <subfield code="2">udc</subfield>
  </datafield>
  <datafield tag="999" ind1=" " ind2=" ">
    <subfield code="c">3514</subfield>
    <subfield code="d">3514</subfield>
  </datafield>
  <datafield tag="952" ind1=" " ind2=" ">
    <subfield code="0">0</subfield>
    <subfield code="1">0</subfield>
    <subfield code="4">0</subfield>
    <subfield code="7">0</subfield>
    <subfield code="a">CDMR</subfield>
    <subfield code="b">CDMR</subfield>
    <subfield code="d">2013-11-14</subfield>
    <subfield code="e">Donaci&#xF3;</subfield>
    <subfield code="l">0</subfield>
    <subfield code="o">Ci 1.1/31</subfield>
    <subfield code="p">CDMR13119845</subfield>
    <subfield code="r">2013-11-14</subfield>
    <subfield code="w">2013-11-14</subfield>
    <subfield code="y">FULLET</subfield>
  </datafield>
</record>
